| 000 | 00361nam a22001457a 4500 | ||
|---|---|---|---|
| 020 | _a978-93-82776-72-7 | ||
| 082 |
_a894.812.3 _bKAV/K |
||
| 100 | _aA B V KAVILPPAD | ||
| 245 |
_aMAHABHARATHA KADHAKAL _bKUTTIKALKULLA |
||
| 250 | _a5 | ||
| 260 |
_aTHRISSUR _bH&C PUBLISHING HOUSE _c2013 |
||
| 300 | _a112 | ||
| 650 |
_aSHORT STORY MALAYALAM _zKERALA |
||
| 942 | _cBK | ||
| 999 |
_c1106 _d1106 |
||